00548nam a22001577a 450000500170000002000220001703500130003903700130005210000250006524500760009026000440016630000190021094200260022999900170025595201180027220120317155347.0 a8170583659c00.00 aA-708794 aDPLbENG aSri Aurobindo943889 aEssays divine and human with thoughts and aphorisms /cby Sri Aurobindo aPondicherrybSri Aurobindo Ashramc1994 a580p.c18 cms. 2ddccENh181.499mAUR c64104d64104 001040708NFICaZLSbZLSd2012-03-17g0.00l0o181.499 AURpA-708794r2012-03-17 00:00:00v0.00w2012-03-17yEN